<?xml version="1.0" encoding="UTF-8"?>
<record
    xmlns:xsi="http://www.w3.org/2001/XMLSchema-instance"
    xsi:schemaLocation="http://www.loc.gov/MARC21/slim http://www.loc.gov/standards/marcxml/schema/MARC21slim.xsd"
    xmlns="http://www.loc.gov/MARC21/slim">

  <leader>01108nam a22002657a 4500</leader>
  <controlfield tag="005">20170124102944.0</controlfield>
  <datafield tag="010" ind1=" " ind2=" ">
    <subfield code="a">A-986839</subfield>
  </datafield>
  <datafield tag="020" ind1=" " ind2=" ">
    <subfield code="c">125.00</subfield>
  </datafield>
  <datafield tag="035" ind1=" " ind2=" ">
    <subfield code="a">A-986839</subfield>
  </datafield>
  <datafield tag="037" ind1=" " ind2=" ">
    <subfield code="b">Cen Lib/Ret</subfield>
  </datafield>
  <datafield tag="040" ind1=" " ind2=" ">
    <subfield code="a">DPL</subfield>
    <subfield code="b">HN</subfield>
  </datafield>
  <datafield tag="082" ind1=" " ind2=" ">
    <subfield code="a">822</subfield>
    <subfield code="b">&#x926;&#x947;&#x936;&#x92A;</subfield>
  </datafield>
  <datafield tag="100" ind1=" " ind2=" ">
    <subfield code="a">&#x926;&#x947;&#x936;&#x92A;&#x93E;&#x923;&#x94D;&#x921;&#x947;&#x92F; </subfield>
    <subfield code="9">43304</subfield>
  </datafield>
  <datafield tag="245" ind1=" " ind2=" ">
    <subfield code="a">&#x930;&#x93E;&#x938;&#x94D;&#x924;&#x947;   /</subfield>
    <subfield code="c">&#x926;&#x947;&#x936;&#x92A;&#x93E;&#x923;&#x94D;&#x921;&#x947;&#x92F; ; &#x905;&#x928;&#x94D;&#x935;&#x93E;&#x926;&#x915; &#x91C;&#x94D;&#x92F;&#x94B;&#x924;&#x93F; &#x938;&#x941;&#x92D;&#x93E;&#x937; </subfield>
  </datafield>
  <datafield tag="246" ind1=" " ind2=" ">
    <subfield code="a">Raaste </subfield>
    <subfield code="b">by Deshpandey </subfield>
  </datafield>
  <datafield tag="260" ind1=" " ind2=" ">
    <subfield code="a">&#x928;&#x908; &#x926;&#x93F;&#x932;&#x94D;&#x932;&#x940; </subfield>
    <subfield code="b">&#x930;&#x93E;&#x937;&#x94D;&#x91F;&#x94D;&#x930;&#x940;&#x92F; &#x928;&#x93E;&#x91F;&#x94D;&#x92F; &#x935;&#x93F;&#x926;&#x94D;&#x92F;&#x93E;&#x932;&#x92F; </subfield>
    <subfield code="c">1999</subfield>
  </datafield>
  <datafield tag="270" ind1=" " ind2=" ">
    <subfield code="a">&#x92C;&#x939;&#x93E;&#x935;&#x932;&#x92A;&#x941;&#x930; &#x939;&#x93E;&#x909;&#x938; </subfield>
    <subfield code="b">&#x928;&#x908; &#x926;&#x93F;&#x932;&#x94D;&#x932;&#x940; </subfield>
    <subfield code="e">110001</subfield>
  </datafield>
  <datafield tag="300" ind1=" " ind2=" ">
    <subfield code="a">86&#x92A;&#x943;&#x937;&#x94D;&#x920;.  :</subfield>
    <subfield code="c">20&#x938;&#x947;&#x92E;&#x940;(&#x938;&#x91C;&#x93F;&#x932;&#x94D;&#x926;)</subfield>
    <subfield code="b">&#x91A;&#x93F;&#x924;&#x94D;&#x930;.</subfield>
  </datafield>
  <datafield tag="650" ind1=" " ind2=" ">
    <subfield code="a">&#x939;&#x93F;&#x902;&#x926;&#x940; &#x928;&#x93E;&#x91F;&#x915; </subfield>
    <subfield code="9">109762</subfield>
  </datafield>
  <datafield tag="650" ind1=" " ind2=" ">
    <subfield code="a">&#x930;&#x93E;&#x91C;&#x928;&#x948;&#x924;&#x93F;&#x915; &#x938;&#x92E;&#x94D;&#x92C;&#x928;&#x94D;&#x927; </subfield>
    <subfield code="9">109763</subfield>
  </datafield>
  <datafield tag="650" ind1=" " ind2=" ">
    <subfield code="a">Hindi Drama</subfield>
    <subfield code="9">109764</subfield>
  </datafield>
  <datafield tag="650" ind1=" " ind2=" ">
    <subfield code="a">Political relations</subfield>
    <subfield code="9">49462</subfield>
  </datafield>
  <datafield tag="700" ind1=" " ind2=" ">
    <subfield code="a">&#x938;&#x941;&#x92D;&#x93E;&#x937; ,&#x91C;&#x94D;&#x92F;&#x94B;&#x924;&#x93F; </subfield>
    <subfield code="9">109765</subfield>
  </datafield>
  <datafield tag="942" ind1=" " ind2=" ">
    <subfield code="2">ddc</subfield>
    <subfield code="c">HN</subfield>
    <subfield code="h">822</subfield>
    <subfield code="m">&#x926;&#x947;&#x936;&#x92A;&#x93E; </subfield>
  </datafield>
  <datafield tag="999" ind1=" " ind2=" ">
    <subfield code="c">112857</subfield>
    <subfield code="d">112857</subfield>
  </datafield>
  <datafield tag="952" ind1=" " ind2=" ">
    <subfield code="0">0</subfield>
    <subfield code="1">0</subfield>
    <subfield code="4">0</subfield>
    <subfield code="7">0</subfield>
    <subfield code="a">L</subfield>
    <subfield code="b">L</subfield>
    <subfield code="d">2015-08-10</subfield>
    <subfield code="e">Cen Lib/Ret</subfield>
    <subfield code="g">125.00</subfield>
    <subfield code="l">0</subfield>
    <subfield code="o">822 &#x926;&#x947;&#x936;&#x92A;</subfield>
    <subfield code="p">A-986839</subfield>
    <subfield code="r">2015-08-10 00:00:00</subfield>
    <subfield code="t">1</subfield>
    <subfield code="v">125.00</subfield>
    <subfield code="w">2015-08-10</subfield>
    <subfield code="y">HN</subfield>
  </datafield>
</record>
